[Event "FIN-chT2 Gp3 1819"]
[Site "Finland"]
[Date "2019.01.12"]
[Round "5.3"]
[White "Saharinen, Petri"]
[Black "Tocklin, Tomi"]
[Result "0-1"]
[WhiteElo "1753"]
[BlackElo "1870"]
[PlyCount "70"]
[EventDate "2018.09.15"]
[EventType "team-tourn"]
[EventRounds "6"]
[EventCountry "FIN"]
[SourceTitle "EXT 2020"]
[Source "ChessBase"]
[SourceDate "2019.10.17"]
[SourceVersion "1"]
[SourceVersionDate "2019.10.17"]
[SourceQuality "1"]
[WhiteTeam "Helsinki HSK III"]
[BlackTeam "Salo SalSK II"]
[WhiteTeamCountry "FIN"]
[BlackTeamCountry "FIN"]

1. d4 Nf6 2. c4 c5 3. d5 b5 4. cxb5 a6 5. b6 Qxb6 6. Nc3 d6 7. e4 g6 8. Rb1 Bg7 9. Bd3 0-0 10. Nge2 Bd7 11. h3 Bb5 12. 0-0 Ne8 13. Bg5 Ra7 14. a4 Bxd3 15. Qxd3 Nd7 16. Qe3 Nef6 17. Bh6 Rb8 18. Bxg7 Kxg7 19. f4 Qc7 20. Ng3 Rab7 21. Qe2 c4 22. Rfe1 Rb4 23. e5 Qc5+ 24. Kh2 Nxd5 25. Nxd5 Qxd5 26. Red1 Qc6 27. exd6 exd6 28. Ne4 d5 29. Nc3 Nf6 30. Qd2 d4 31. Nb5 c3 32. Nxd4 Qc4 33. Qc1 cxb2 34. Qe3 Rxa4 35. Ne2 Re8 0-1